| 000 | 01138nam a2200253Ia 4500 | ||
|---|---|---|---|
| 001 | 18115 | ||
| 003 | GE_BSU | ||
| 008 | 181216s||||||||xx |||||||||||||| ||und|| | ||
| 020 | _a978-9941-14-111-9 | ||
| 040 | _cGE_BSU | ||
| 080 | _aმაგისტრანტის ბიბლიოთეკა: "მართვის საინფორმაციო სისტემები | ||
| 100 | _aგოგიჩაიშვილი, გიორგი | ||
| 245 | _aშესავალი ხელოვნური ინტელექტის სისტემებში | ||
| 245 | _bდამხმარე სახელმძღვანელო | ||
| 250 | _aსაქართველოს ტექნიკური უნივერსიტეტი | ||
| 260 | _aთბილისი | ||
| 260 | _bტექნიკური უნივერსიტეტი | ||
| 260 | _c2008 | ||
| 300 | _a68 გვ. : ნახ. ; 20 სმ | ||
| 300 | _eბიბლიოგრ.: გვ. 67. | ||
| 541 | _h3ლ. | ||
| 653 | _aხელოვნური ინტელექტი | ||
| 942 | _cBK | ||
| 999 |
_c51156 _d51156 |
||